A handful of rice / (Record no. 76466)

MARC details
000 -LEADER
fixed length control field 00481nam a22001817a 4500
005 - DATE AND TIME OF LATEST TRANSACTION
control field 20130611144432.0
010 ## - LCCN (DPL NO)
LC control number ENG-107549
020 ## - INTERNATIONAL STANDARD BOOK NUMBER
International Standard Book Number 9788122201352
Terms of availability 80.00
035 ## - SYSTEM CONTROL NUMBER
System control number EN-91082
037 ## - SOURCE OF ACQUISITION
Source of stock number/acquisition DBAD/PUB
082 ## - DEWEY DECIMAL CLASSIFICATION NUMBER
Classification number N
100 ## - MAIN ENTRY--PERSONAL NAME
Personal name Markandaya, Kamala
245 ## - TITLE STATEMENT
Title A handful of rice /
Statement of responsibility, etc by Kamala Markandaya
260 ## - PUBLICATION, DISTRIBUTION, ETC. (IMPRINT)
Place of publication, distribution, etc New Delhi
Name of publisher, distributor, etc Orient Paperbacks
Date of publication, distribution, etc 1985
270 ## - ADDRESS
Address 5A/8 Ansari Road
City New Delhi
Postal code 110002
300 ## - PHYSICAL DESCRIPTION
Extent 237p.
Dimensions 18cm(pbk)
942 ## - ADDED ENTRY ELEMENTS (KOHA)
Source of classification or shelving scheme Dewey Decimal Classification
Item type English Books
Classification part N
Call number suffix MAR
Holdings
Withdrawn status Lost status Not for loan Collection code Home library Current library Date acquired Source of acquisition Cost, normal purchase price Full call number Barcode Copy number Cost, replacement price Koha item type
    Not For Loan Fiction D.B.Act.Division D.B.Act.Division 05/06/2013 DBAD/PUB 80.00 N MAR EN-91082 1 80.00 English Books

© Delhi Public Library
Hit Counter
free hit counter